| 000 | 01149nam0a22002771 4500 | ||
|---|---|---|---|
| 001 | rc\4691280 | ||
| 005 | 20260406141310.0 | ||
| 021 |
_aRU _b61-33257 |
||
| 021 |
_aRU _bРг5759 |
||
| 035 | _a(NLR Aleph) 008428784 | ||
| 090 |
_a9403852 _c9403852 |
||
| 100 | _a20130416d1961 |||y0rusy50 ca | ||
| 101 | 0 |
_arus _auzb |
|
| 102 | _aRU | ||
| 105 | _ay z ||||| | ||
| 200 | 1 |
_aПримерные рекомендации по тарификации и оплате труда на механизированных и конно-ручных работах в колхозах _fМ-во сельского хозяйства УзССР. Ин-т экономики и организации с.-х. производства |
|
| 210 |
_aТашкент _cБ. и. _d1961 |
||
| 215 |
_a99 с. _d20 |
||
| 300 | _aТекст парал. на рус. и узб. яз. | ||
| 712 | 0 | 2 |
_aСреднеазиатский НИИ экономики сельского хозяйства _cТашкент _3RU\NLR\AUTH\889920334 _9336867 |
| 801 | 0 |
_aRU _bNLR _gpsbo |
|
| 801 | 1 |
_aRU _bELAR _2rusmarc |
|
| 852 |
_aNLR _bОНЛ |
||
| 942 | _cBOOK | ||
| 980 | _aNB | ||